000
00268nam a22001097a 4500
040
_c
SCME
100
_a
Marshall,Leo
_9
104868
245
_a
An introduction to composite materials
260
_a
USA
_b
Murphy & moore publisher
_c
2022
300
_a
236p.
942
_2
ddc
_c
BK
999
_c
592692
_d
592692